| 000 | 00620nam a2200193 i 4500 | ||
|---|---|---|---|
| 001 | 86837 | ||
| 003 | ES-MaACL | ||
| 005 | 20230906175532.0 | ||
| 007 | t| | ||
| 008 | 041216s1919 sp ||||1| spa d | ||
| 100 | 1 |
_aKirchner, Prudencio. _968109 |
|
| 245 | 1 | 3 |
_aLa influencia de la guerra en las industrias catalanas / _cPrudencio Kirchner. |
| 260 |
_aBarcelona : _b[s.n., _c1919] |
||
| 300 | _a1 v. | ||
| 490 | 1 |
_aPublicaciones de la Sociedad de GeografĂa Comercial ; _v14 |
|
| 830 | 0 |
_aPublicaciones de la Sociedad de GeografĂa Comercial ; _v14 _9184569 |
|
| 852 |
_aES-MaACL _j1575--12 |
||
| 999 |
_c86837 _d86837 |
||